000
00346nam a2200145 i 4500
001
bg
100
1
_a
DAY, William Allan
245
0
_a
Termodinamika prostych sred s pamjat'ju /
_c
William Allan Day.
260
_a
Moskva,
_c
1974.
040
_c
BPK
041
_a
pol
080
_a
536
942
_c
KS
008
s pl f |000 0 pol
999
_c
26772
_d
26772